| 000 | 01964cam a22004934i 4500 | ||
|---|---|---|---|
| 003 | PE-LiUPU | ||
| 005 | 20250731173341.0 | ||
| 008 | 150706s2008 ag rb 000 0 spa d | ||
| 020 | _a9789875572039 | ||
| 035 | _a(Sirsi) i9789875572039 | ||
| 040 |
_aPE-LiUPU _bspa _cPE-LiUPU _erda |
||
| 049 | _aPRUA | ||
| 082 | 0 | 4 |
_a253 _bB21 _221 |
| 100 | 1 |
_aBanks, Robert, _eautor. |
|
| 245 | 1 | 4 |
_aLas dimensiones del líder : _bsu influencia e importancia en el mundo de hoy / _cRoberto Banks y Bernice Ledbetter. |
| 264 | 1 |
_aBuenos Aires : _bPeniel, _c2008. |
|
| 300 |
_a224 páginas ; _c21 centímetros |
||
| 336 |
_atext _2rdacontent |
||
| 337 |
_aunmediated _2rdamedia |
||
| 338 |
_avolume _2rdacarrier |
||
| 504 | _aIncluye notas bibliográficas. | ||
| 505 | 0 | _aEl crecimiento interés actual en el liderazgo -- 45 Puntos de vista sobre el LIDERAZGO -- Las emergentes dimensiones espirituales y religiosas del liderazgo -- 105 Método para liderazgo -- Practicando el liderazgo a través de la integridad, la felicidad y el servicio -- El liderazgo cristiano en acción. | |
| 526 | _aSEG42 | ||
| 526 | _aSEG41 | ||
| 526 | _aSEG40 | ||
| 526 | _aSEG39 | ||
| 526 | _aP94 | ||
| 526 | _aP87 | ||
| 526 | _aP86 | ||
| 526 | _aP85 | ||
| 526 | _aP77 | ||
| 526 | _aP76 | ||
| 526 | _aP35 | ||
| 541 | _g001-0020922; | ||
| 650 | 0 | 4 | _aLiderazgo. |
| 650 | 0 | 4 | _aLeadership. |
| 700 | 1 |
_aLedbetter, Bernice, _eautor. |
|
| 910 |
_agl _bjv _cng _d20090910 |
||
| 942 |
_2ddc _cBOOK |
||
| 949 |
_a253 B21 _wDEWEY _c1 _i60308 _d2015-10-16 _e2015-10-16 _lCCODEBUL1 _mBUL _n1 _p9.00 _r0 _sY _tBOOK _u2015-7-6 _xTEOLOGIA _zUNKNOWN _0COMPRA _o.STAFF. Colección Teología |
||
| 994 |
_aC0 _bPEPRU |
||
| 596 | _a1 | ||
| 999 |
_a253 B21 _wDEWEY _c49768 _i60308 _d49768 _e2015-10-16 _f2021-11-10 _g5 _lCCODEBUL1 _mBUL _n1 _p9.00 _q1 _r0 _sY _tBOOK _u2015-7-6 _xTEOLOGIA _PP35 _0COMPRA _o.STAFF. Colección Teología |
||
| 980 |
_81 _gALBERTO SANCHEZ Responsable de Automatización |
||